| 000 | 00431nam a22001697a 4500 | ||
|---|---|---|---|
| 005 | 20160630153507.0 | ||
| 008 | 160630b xxu||||| |||| 00| 0 eng d | ||
| 020 | _a81-219-2635-1 | ||
| 041 | _aeng | ||
| 082 | _b20019 | ||
| 100 |
_aSundaram, K Shanmuga _93324 |
||
| 245 | _aHydraulic & pneumatic control | ||
| 260 |
_aNew Delhi _bSultan Chand & Sons, _c2014 |
||
| 300 | _a223 | ||
| 650 |
_aDiploma Engineering _9817 |
||
| 942 | _cBK | ||
| 999 |
_c4966 _d4964 |
||